000 00576nam a2200181Ia 4500
008 210719s1998 xx 000 0 und d
041 _aeng
082 _a820.33 TIWG
100 _aTIWANA (Dilip Kaur)
245 _aGone are the rivers Tr by S C Narula & Bhupinder Singh
260 _aChennai
_bMacmillan India Ltd.
_c1998
300 _av--103
_bPB
365 _b75
_cRs
650 _aIndian English Fiction
650 _aIndian English Literature
700 _aS C Narula & Bhupinder Singh
906 _aBhupinder ; by ; C ; Gone ; Narula ; rivers ; S ; Singh ; the ; Tr
999 _c214910
_d214910